000
00269nam a2200097Ia 4500
001
645066
005
20250826153616.0
008
250824s9999 xx 000 0 und d
245
0
_a
KODİN ANTİK OKUL KLASİKLERİ
_c
PANAIT ISTRATI
260
_b
ANTİK DÜNYA KLASİKLERİ
999
_c
645066
_d
645066